Przyjaciele z boiska - Robert Lewandowski || piłka nożna - Statystyki

Ogólne statystyki
  • Ten quiz został rozwiązany 126 razy
  • Średni wynik to 7 z 10
Statystyki odpowiedzi
Hint Odpowiedź % Poprawnych
1 Thomas Muller
97%
9 Jakub Błaszczykowski
88%
6 Łukasz Piszczek
87%
5 David Alaba
79%
2 Manuel Neuer
79%
4 Mats Hummels
54%
7 Kingsley Coman
52%
8 Jerome Boateng
49%
3 Joshua Kimmich
47%
10 Thiago Alcantara
38%
Nie znaleziono quizów pasujących do podanych kryteriów
Rozkład punktacji
Procent ludzi z każdym wynikiem
Percentyl według liczby udzielonych odpowiedzi
Twoja historia wyników
Nie rozwiązałeś tego quizu